000 00551nam a2200229Ia 4500
003 OSt
005 20220912153111.0
006 a|||||r|||| 00| 0
007 ta
008 220909b |||||||| |||| 00| 0 eng d
024 _a21195
037 _cTextual
040 _aCSL
_beng
_cCSL
041 _aeng
082 _aB2893, L72
100 _aKlir George J Ed.
245 0 _aTrends in general system theory
260 _c1972
300 _ap.
_ccm.
942 _hB2893, L72
_cTEXL
_2CC
999 _c98061
_d98061